Catalog

Record Details

Catalog Search



Eneáš Silvius  Cover Image Book Book

Eneáš Silvius / napsal Dr. F. M. Bartoš

Record details

  • Physical Description: 61 s.
  • Publisher: Praha Volná myšlenka 1925

Available copies

  • 1 of 1 copy available at Common Catalog SPOK.

Holds

  • 0 current holds with 1 total copy.
Show Only Available Copies
Location Call Number / Copy Notes Barcode Shelving Location Status Due Date
ETS Library 274.3706 424470004032 Volný výběr Available -

LDR 00590nam a2 00229
00133959
003CZ-PrJAB
00520030801000000.0
008030624s1925 xr e |||| |cze
009cz
035 . ‡a(CONS)2389
035 . ‡aKPS11673
040 . ‡aABG450
041 . ‡acze
08214. ‡a274.3706
100 . ‡75547 ‡aBartoš, František M.
245 . ‡aEneáš Silvius / ‡cnapsal Dr. F. M. Bartoš
260 . ‡aPraha ‡bVolná myšlenka ‡c1925
300 . ‡a61 s.
653 . ‡aEneáš Silvius
8524 . ‡bETS ‡bETS ‡cVolný výběr ‡j274.3706 ‡gA ‡p424470004032
910 . ‡aABG450
999 . ‡a2389 ‡bAUTOGEN ‡c2389 ‡tbiblio
905 . ‡uadmin
901 . ‡a33959 ‡b ‡c33959 ‡tbiblio ‡sets

Additional Resources